<?xml version="1.0" encoding="UTF-8"?>
<collection xmlns="http://www.loc.gov/MARC21/slim">
 <record>
  <leader>00688cam a2200169 7i4500</leader>
  <controlfield tag="001">0000135742</controlfield>
  <controlfield tag="005">20080617090000.0</controlfield>
  <controlfield tag="002">  0000000806</controlfield>
  <datafield tag="090" ind1="0" ind2="0">
   <subfield code="a">LP 19 FST 1 2000 </subfield>
  </datafield>
  <datafield tag="100" ind1="0" ind2="#">
   <subfield code="a">Ooi Bee Khoon </subfield>
  </datafield>
  <datafield tag="235" ind1="0" ind2="0">
   <subfield code="a">Perbandingan bank biji benih antara empat vegetasi di Terengganu </subfield>
   <subfield code="c">Ooi Bee Khoon.</subfield>
  </datafield>
  <datafield tag="245" ind1="0" ind2="0">
   <subfield code="a">Laporan Projek FST (Ijazah Bacelor Sains (Kepujian) Biologi)2000.</subfield>
  </datafield>
  <datafield tag="260" ind1="#" ind2="#">
   <subfield code="a">Terengganu: </subfield>
   <subfield code="b">Universiti Putra Malaysia Terengganu, </subfield>
   <subfield code="c">2000.</subfield>
  </datafield>
  <datafield tag="300" ind1=" " ind2=" ">
   <subfield code="a">x, 84 p.: </subfield>
   <subfield code="b">ill.; </subfield>
   <subfield code="c">30 cm..</subfield>
  </datafield>
  <datafield tag="502" ind1="#" ind2="#">
   <subfield code="a">Kajian ini dijalankan untuk membanding bank biji benih empat vegetasi iaitu belukar, hutan...[et al.]</subfield>
  </datafield>
  <datafield tag="602" ind1="#" ind2="#">
   <subfield code="a">Laporan Projek FST 2000</subfield>
  </datafield>
  <datafield tag="999" ind1=" " ind2=" ">
   <subfield code="a">1100024428</subfield>
   <subfield code="b">Book</subfield>
   <subfield code="c">LAPORAN PROJEK</subfield>
   <subfield code="e">BILIK ARKIB</subfield>
  </datafield>
 </record>
</collection>
